La economía política del capitalismo
Uloženo v:
| Hlavní autor: | |
|---|---|
| Médium: | Text |
| Vydáno: |
México D.F.:
Ediciones de Cultura Popular
|
| Tagy: |
Přidat tag
Žádné tagy, Buďte první, kdo vytvoří štítek k tomuto záznamu!
|
MARC
| LEADER | 00000 a a2200000 04500 | ||
|---|---|---|---|
| 001 | 22643 | ||
| 003 | |||
| 040 | |||
| 090 | |a 155200 | ||
| 100 | |a Vargas, Eugenio | ||
| 245 | |a La economía política del capitalismo | ||
| 260 | |a México D.F.: |b Ediciones de Cultura Popular | ||
| 300 | |a 376 p. | ||
| 999 | |c 13517 |d 13517 | ||
